Gares de l'Hérault - Statistiques

Statistiques générales
  • Ce quiz a été pris 162 fois
  • Le résultat moyen est 11 sur 21
Statistiques - réponses
Nombre de voyageurs Gares % Correct
8 061 640 Montpellier Saint Roch
100%
1 732 904 Bèziers
98%
1 918 295 Montpellier Sud de France
97%
1 440 454 Sète
96%
757 491 Agde
88%
476 785 Frontignan
88%
871 702 Lunel
85%
515 805 Baillargues
57%
63 080 Villeneuve les Maguelone
53%
59 742 Vic - Mireval
48%
12 785 Lunel Viel
46%
12 257 Vias
46%
44 798 Bédarieux
41%
14 368 Marseillan Plage
41%
10 954 Saint Aunès
28%
14 407 Magalas
24%
19 006 Valergues - Lansargues
19%
3 220 Le Bousquet d'Orb
17%
164 Les Cabrils
17%
626 Lunas
14%
2 012 Ceilhes - Roqueredonde
11%
Aucun quiz correspondant
Distribution des résultats
% des personnes avec chaque résultat
Percentile par nombre de réponses
Votre historique - résultats
Vous n’avez pas pris ce quiz